| 000 | 01440nam a2200253Ia 4500 | ||
|---|---|---|---|
| 001 | b6986-50846 | ||
| 003 | IT-MiCISF | ||
| 005 | 20250212125341.0 | ||
| 008 | 161014s9999||||xx |||||||||||||| ||und|| | ||
| 040 |
_aIT-MiCISF _cIT-MiCISF |
||
| 041 | _ait | ||
| 100 |
_aDonati Pierpaolo (a cura di) _959326 |
||
| 245 | 0 |
_aLa famiglia in Italia. Sfide sociali e innovazioni nei servizi. _bVolume II: Nuove Best Practices nei servizi alle famiglie |
|
| 250 | _aOsservatorio Nazionale sulla famiglia | ||
| 260 |
_a Roma, _bCarocci, _c2012 |
||
| 300 | _app. 271 | ||
| 500 | _a politica-familiare, famiglia, lavoro, esperienze, previdenze-per-famiglia, non-autosufficienza, anziani, cura | ||
| 520 | _aIl secondo volume del Rapporto Biennale 2011-2012 sulla condizione familiare in Italia presenta i risultati di ricerche originali su le "buone pratiche" e le nuove modalità di organizzare i servizi per le famiglie. La ricca documentazione si rivolge a legislatori, studiosi, policy makers e operatori. Il Rapporto auspica che si realizzi l'Alleanza italiana per la famiglia secondo le linee-guida della Unione Europea, coinvolgendo tutti gli attori chiamati a realizzare il family mainstreaming. | ||
| 650 | _aPolitica-familiare | ||
| 654 | _asaggio | ||
| 700 |
_aPrandini R., Mazzucchelli S., Macchioni E., Barberis E., Martignani L., _aDe Pasquale A., Carrà E., Bramanti D., Rossi G. _961495 |
||
| 942 |
_cBK _2ddc |
||
| 999 |
_c210001 _d210001 |
||
| 999 | _bsi | ||